What was the Battle of Gettysburg? / (Record no. 69)

MARC details
000 -LEADER
fixed length control field 02088nam a22005177a 4500
001 - CONTROL NUMBER
control field 69
003 - CONTROL NUMBER IDENTIFIER
control field FISKH
005 - DATE AND TIME OF LATEST TRANSACTION
control field 20230222103034.0
008 - FIXED-LENGTH DATA ELEMENTS--GENERAL INFORMATION
fixed length control field 230221b cb ||||| |||| 00| 0 eng d
010 ## - LIBRARY OF CONGRESS CONTROL NUMBER
LC control number 2012027557
020 ## - INTERNATIONAL STANDARD BOOK NUMBER
International Standard Book Number 9780448462868 (pbk.)
020 ## - INTERNATIONAL STANDARD BOOK NUMBER
International Standard Book Number 9780448465753 (trade : hc)
020 ## - INTERNATIONAL STANDARD BOOK NUMBER
International Standard Book Number 9780329971632 (Follett bdg.)
020 ## - INTERNATIONAL STANDARD BOOK NUMBER
International Standard Book Number 0448462869
020 ## - INTERNATIONAL STANDARD BOOK NUMBER
International Standard Book Number 0448465752
020 ## - INTERNATIONAL STANDARD BOOK NUMBER
International Standard Book Number 0329971638
035 ## - SYSTEM CONTROL NUMBER
System control number (IMchF)fol14391285
040 ## - CATALOGING SOURCE
Original cataloging agency DLC
Transcribing agency DLC
Modifying agency ICrlF
-- MePoLT
Description conventions rda
042 ## - AUTHENTICATION CODE
Authentication code pcc
043 ## - GEOGRAPHIC AREA CODE
Geographic area code n-us-pa
-- n-us---
050 00 - LIBRARY OF CONGRESS CALL NUMBER
Classification number E475.53
Item number .O25 2013
082 00 - DEWEY DECIMAL CLASSIFICATION NUMBER
Classification number 973.7/349
Edition number 23
100 1# - MAIN ENTRY--PERSONAL NAME
Personal name O'Connor, Jim.
245 10 - TITLE STATEMENT
Title What was the Battle of Gettysburg? /
Statement of responsibility, etc. by Jim O'Connor ; illustrated by John Mantha.
246 30 - VARYING FORM OF TITLE
Title proper/short title Battle of Gettysburg?
260 ## - PUBLICATION, DISTRIBUTION, ETC.
Place of publication, distribution, etc. New York :
Name of publisher, distributor, etc. Grosset & Dunlap,
Date of publication, distribution, etc. c2013.
300 ## - PHYSICAL DESCRIPTION
Extent 106 p. :
Other physical details ill., maps ;
Dimensions 20 cm.
490 1# - SERIES STATEMENT
Series statement What was-- ?
504 ## - BIBLIOGRAPHY, ETC. NOTE
Bibliography, etc. note Includes bibliographical references (p. 106).
505 0# - FORMATTED CONTENTS NOTE
Formatted contents note What was the Battle of Gettysburg? -- A small town in Pennsylvania -- On the lookout -- Day one: July 1, 1863 -- Day two: July 2, 1863 -- Day three: July 3, 1863 -- Day three: Pickett's charge -- The day after: July 4, 1863 -- The Gettysburg Address -- A soldier's letter home.
510 3# - CITATION/REFERENCES NOTE
Name of source Library Media Connection starred, October 2013
510 0# - CITATION/REFERENCES NOTE
Name of source Library Media Connection starred
520 ## - SUMMARY, ETC.
Summary, etc. Text and illustrations look at the Civil War battle at Gettysburg, Pennsylvania, in July, 1863.
521 8# - TARGET AUDIENCE NOTE
Target audience note 810
Source Lexile.
521 8# - TARGET AUDIENCE NOTE
Target audience note T <br/>
Source Raz-Plus
526 0# - STUDY PROGRAM INFORMATION NOTE
Program name Reading Counts RC
Reading level 5.3
Title point value 4.0.
650 #1 - SUBJECT ADDED ENTRY--TOPICAL TERM
Topical term or geographic name entry element Gettysburg, Battle of, Gettysburg, Pa., 1863.
650 #7 - SUBJECT ADDED ENTRY--TOPICAL TERM
Topical term or geographic name entry element Gettysburg (Pa.), Battle of, 1863.
Source of heading or term sears
651 #1 - SUBJECT ADDED ENTRY--GEOGRAPHIC NAME
Geographic name United States
General subdivision History
Chronological subdivision Civil War, 1861-1865
General subdivision Campaigns.
Source of heading or term sears
651 #7 - SUBJECT ADDED ENTRY--GEOGRAPHIC NAME
Geographic name United States
General subdivision History
Chronological subdivision 1861-1865, Civil War
General subdivision Campaigns.
Source of heading or term sears
700 1# - ADDED ENTRY--PERSONAL NAME
Personal name Mantha, John,
Relator term ill.
830 #0 - SERIES ADDED ENTRY--UNIFORM TITLE
Uniform title What was--?
856 42 - ELECTRONIC LOCATION AND ACCESS
Materials specified View cover image provided by Mackin
Uniform Resource Identifier <a href="http://www.mackin.com/BookPics/Book.aspx?isbn=9780448462868">http://www.mackin.com/BookPics/Book.aspx?isbn=9780448462868</a>
942 ## - ADDED ENTRY ELEMENTS (KOHA)
Source of classification or shelving scheme Dewey Decimal Classification
Koha item type Books
Holdings
Withdrawn status Lost status Source of classification or shelving scheme Damaged status Not for loan Collection Home library Current library Shelving location Date acquired Total Checkouts Full call number Barcode Date last seen Date last checked out Price effective from Koha item type
    Library of Congress Classification     Non-Fiction Footprints International School Library Network Toul Kork Campus Footprints International School Library Network Toul Kork Campus A TK Campus, 4th Floor, Room B401, Non-Fiction Bookcases(7-8) 02/21/2023 2 OCO 973.7/349 E475.53 .O25 2013 2023-0004 03/23/2023 02/22/2023 02/21/2023 Books